| 000 | 00819nam2a2200241 4500 | ||
|---|---|---|---|
| 001 | rc\2895131 | ||
| 005 | 20260315053341.0 | ||
| 035 | _a(NLR Aleph) 007047124 | ||
| 090 |
_a13589624 _c13589624 |
||
| 100 | _a20110727d1927 u y0rusy50 ca | ||
| 101 | 0 | _arus | |
| 102 | _aRU | ||
| 105 | _ay z ||||| | ||
| 200 | 1 |
_aТкацкий мастер механического ткачества _hЧ. 2 |
|
| 210 | _d1927 | ||
| 461 | 0 |
_1001rc\2895128 _12001#$aРабочая библиотека$hА$hСерия 2. № 10-5$v№ 7 _96154354 _cМосква _d1927-1931 _hА _nГос. техн. изд-во _tРабочая библиотека _v№ 7 |
|
| 700 | 1 |
_aКрауз _bФ. |
|
| 801 | 0 |
_aRU _bNLR _gpsbo |
|
| 801 | 1 |
_aRU _bELAR _2rusmarc |
|
| 852 |
_aNLR _j40.15.7.207 |
||
| 852 |
_aNLR _j111/160(2) |
||
| 942 | _cUNSPEC | ||
| 980 | _aNB | ||